| 000 | 01787 a2200193 4500 | ||
|---|---|---|---|
| 001 | 57171 | ||
| 005 | 20260407155834.0 | ||
| 008 | 260407a1959 arg spa d | ||
| 003 | AR-UNSa-BCEJYS | ||
| 040 |
_aAR-UNSa-BCEJYS _bspa _cAR-UNSa-BCEJYS |
||
| 080 |
_a911.3:33 _xGeografía económica |
||
| 245 | 1 | 0 | _aGeografía general del comercio y de las comunicaciones |
| 264 | 1 |
_aBarcelona : _bEdiciones Omega _c1959 |
|
| 300 |
_a455 p. _c25 cm. |
||
| 505 | _aPrimera parte. Fundamento geográfico del comercio y de las comunicaciones mundiales y teoría de su dinamismo: 1. Evolución histórica, fundamento teórico y métodos de trabajo – 2. El factor humano en la dinámica del comercio y las comunicaciones de la tierra – 3. Modalidades de las comunicaciones en lo que concierne al desplazamiento de personas – 4. La necesidad humana de bienes promotora de las comunicaciones de carácter económico – Segunda parte. Los elementos constitutivos del espacio comercial y de las comunicaciones del mundo en cuanto dependen de las condiciones geográficas y económicas: 1. Las vías de comunicación en el espacio geográfico – 2. El mercado como lugar de comercio y de comunicaciones – 3. Mercancías e informaciones a través del mundo – Tercera parte. Los espacios económicos de la tierra en su estructura geográfica de comercio y comunicaciones y en sus conexiones: 1. Los espacios naturales de la tierra como objeto de estudio de la geografía del comercio y de las comunicaciones – 2. Los estados de la tierra en su estructura comercial y de comunicaciones – 3. La división del espacio comercial y de comunicaciones de la tierra según el aprovechamiento de las mismas | ||
| 942 | _cBK | ||
| 590 | _aniveau_biblio:m niveau_hierar:0 | ||
| 100 | 1 | _aOtremba, Erich | |
| 999 |
_c6163 _d6163 |
||